The Civil War / (Record no. 2165)

MARC details
000 -LEADER
fixed length control field 00751cam a2200277 a 4500
005 - DATE AND TIME OF LATEST TRANSACTION
control field 20231108092203.0
020 ## - INTERNATIONAL STANDARD BOOK NUMBER
International Standard Book Number 9780531263099
020 ## - INTERNATIONAL STANDARD BOOK NUMBER
International Standard Book Number 9780531266229
040 ## - CATALOGING SOURCE
Original cataloging agency DLC
Transcribing agency DLC
Modifying agency DLC
Language of cataloging eng
050 00 - LIBRARY OF CONGRESS CALL NUMBER
Classification number E468
Item number .B46 2012
082 00 - DEWEY DECIMAL CLASSIFICATION NUMBER
Classification number 973.7
Edition number 22
100 1# - MAIN ENTRY--PERSONAL NAME
Personal name Benoit, Peter
Dates associated with a name 1955-
245 14 - TITLE STATEMENT
Title The Civil War /
Statement of responsibility, etc. Peter Benoit
260 ## - PUBLICATION, DISTRIBUTION, ETC.
Place of publication, distribution, etc. New York :
Name of publisher, distributor, etc. Scholastic,
Date of publication, distribution, etc. 2012
300 ## - PHYSICAL DESCRIPTION
Extent 48 pages :
Other physical details illustrations
Dimensions 21 cm
490 0# - SERIES STATEMENT
Series statement A true book
505 ## - FORMATTED CONTENTS NOTE
Formatted contents note T
520 ## - SUMMARY, ETC.
Summary, etc. Learn about the bloodiest battles and darkest days in the US's history.
521 ## - TARGET AUDIENCE NOTE
Target audience note 870
Source Lexile
521 ## - TARGET AUDIENCE NOTE
Target audience note T
Source Raz-Plus
650 ## - SUBJECT ADDED ENTRY--TOPICAL TERM
Topical term or geographic name entry element History
650 ## - SUBJECT ADDED ENTRY--TOPICAL TERM
Topical term or geographic name entry element War
906 ## - LOCAL DATA ELEMENT F, LDF (RLIN)
a 7
b cbc
c orignew
d 1
e ecip
f 20
g y-gencatlg
942 ## - ADDED ENTRY ELEMENTS (KOHA)
Source of classification or shelving scheme Dewey Decimal Classification
Koha item type Books
Suppress in OPAC No
999 ## -
-- 2165
-- 2165
Holdings
Withdrawn status Lost status Source of classification or shelving scheme Damaged status Not for loan Collection Home library Current library Shelving location Date acquired Total Checkouts Full call number Barcode Date last seen Price effective from Koha item type
    Dewey Decimal Classification     Non-Fiction Footprints International School Library Network Toul Kork Campus Footprints International School Library Network Toul Kork Campus A TK Campus, 4th Floor, Room B401, Non-Fiction Bookcases(7-8) 11/08/2023   BEN 973.7 E468 FISTK05569 11/08/2023 11/08/2023 Books